000 01185nam a22002657a 4500
005 20240530110524.0
008 160224s2008 ua g b 000 0dara d
017 _a2008/8450
_bمصر . دار الكتب المصرية
020 _a9774377036
040 _aEG-CaGPL
082 0 4 _221
_a962.02
_bق/ل ن
100 1 _aلوتى ، جان - جاك
245 1 0 _aنظرة على مصر فى زمن بونابرت /
_cجان - جاك لوتى ؛ ترجمة و تعليق ناجى رمضان عطية ؛ مراجعة و تقديم احمد زكريا الشلق
250 _aط1
260 _aالقاهرة :
_bالمركز القومى للترجمة ،
_c2008 .
300 _a285 ص :
_bصور ؛
_c24 سم .
490 _aالمشروع القومى للترجمة ؛
_v1132
504 _aيشتمل على ارجاعات ببليوجرافية
600 0 _aنابليون بونابرت
650 0 4 _aمصر
_xالحملة الفرنسية ( 1798 - 1801 م )
700 0 _aناجى رمضان عطية
_eمترجم و معلق
700 0 _aاحمد زكريا الشلق
_eمراجع و مقدم
942 _2ddc
_cBK
999 _c61956
_d61956